000
00556nam a22001457a 4500
020
_a
9788132110392
082
_a
070.43
100
_a
David Spark
245
_a
Practical newspaper reporting
260
_a
Los Angeles
_b
Sage publications
_c
2011
300
_a
210
942
_c
BK
999
_c
2571
_d
2571